000 01753nam a2200313 i 4500
003 DO-SdBNP
005 20260321073645.0
007 ta
008 230714b2000 dr ||||| |||| 00| 0 spa d
020 _a9993410144
040 _aDO-SdBNP
_bspa
_cBNPHU
_erda
041 _aspa
082 4 _a987.04
_bB742b 2000
_222
100 1 _a Bosch, Juan,
_d1909-2001
_eautor
_4aut.
_976555
245 1 0 _aBolívar y la guerra social /
_cJuan Bosch.
250 _aSéptima edición
264 1 _aSanto Domingo, República Dominicana :
_bEditora Alfa y Omega,
_c2000.
300 _a201 páginas ;
_c21 cm.
336 _atexto
_btxt
_2rdacontent
337 _asin mediación
_bn
_2rdamedia
338 _avolumen
_bnc
_2rdacarrier
500 _aIncluye referencias bibliográficas y notas al pie de las páginas
505 0 _aPrimera parte--
_tLos antecedentes --
_tLas guerras americanas --
_tEl siglo de oro americano --
_tVenezuela en la primera mitad del siglo XVIII --
_tUna carta expresiva --
_tFin del siglo XVIII en España y Venezuela --
_tLa rotura de los vínculos --
_gSegunda parte:
_tLa guerra social --
_tla guerra social en marcha --
_tMiranda y Bolívar --
_tJosé Tomás Boves --
_tEl año terrible de Venezuela --
_tEl final de la guerra social --
_gTercera parte :
_tEfectos de la guerra social en la acción libertadora de Bolívar --
_tEl tránsito de la guerra social a la independencia --
_tLa influencia de Haití en la obra de Bolívar --
_tEl fusilamiento de Piar --
_tPor salvar a Caracas... --
_tLa corza herida --
_tConclusión --
_tResumen.
590 _aInventariado, 2023/BT
600 1 0 _aBolívar, Simón,
_d1783-1830
_9253
651 4 _aVenezuela
_xHistoria
_y1810-1822
_9252
910 _aBtavárez. Validado. Control de calidad/MAA
942 _2ddc
_cLBS1
999 _c54176
_d54176